Campeões da Champions por ano - Statistics

Estatísticas Gerais
  • Esse quiz foi jogado 147 vezes
  • A pontuação média é 40 de 70
Estatísticas das Respostas
Resposta % Correto
1955/56 Real Madrid
88%
1956/57 Real Madrid
85%
1957/58 Real Madrid
82%
2022/23 Manchester City
80%
2024/25 PSG
80%
1959/60 Real Madrid
80%
2023/24 Real Madrid
80%
1958/59 Real Madrid
79%
2021/22 Real Madrid
79%
2014/15 Barcelona
76%
2020/21 Chelsea
76%
2018/19 Liverpool
76%
2015/16 Real Madrid
76%
2016/17 Real Madrid
76%
2017/18 Real Madrid
76%
2010/11 Barcelona
75%
2019/20 Bayern
75%
2012/13 Bayern
73%
2011/12 Chelsea
71%
2013/14 Real Madrid
71%
2008/09 Barcelona
69%
1960/61 Benfica
68%
1961/62 Benfica
68%
2009/10 Internazionale
68%
2007/08 Manchester United
68%
2003/04 Porto
67%
2006/07 Milan
65%
2004/05 Liverpool
64%
2005/06 Barcelona
63%
2001/02 Real Madrid
60%
1999/00 Real Madrid
58%
1962/63 Milan
57%
2002/03 Milan
57%
1991/92 Barcelona
56%
1998/99 Manchester United
56%
1963/64 Internazionale
55%
1965/66 Real Madrid
54%
1997/98 Real Madrid
54%
2000/01 Bayern
51%
1964/65 Internazionale
51%
1996/97 Borussia Dortmund
49%
1970/71 Ajax
48%
1994/95 Ajax
48%
1980/81 Liverpool
48%
1971/72 Ajax
46%
1972/73 Ajax
46%
1966/67 Celtic
45%
1973/74 Bayern
44%
1974/75 Bayern
44%
1982/83 Hamburger
44%
1989/90 Milan
44%
1975/76 Bayern
43%
1967/68 Manchester United
43%
1993/94 Milan
43%
1995/96 Juventus
42%
1979/80 Nottingham Forest
42%
1981/82 Aston Villa
40%
1990/91 Estrela Vermelha
40%
1978/79 Nottingham Forest
40%
1977/78 Liverpool
39%
1968/69 Milan
39%
1969/70 Feyenoord
38%
1976/77 Liverpool
38%
1988/89 Milan
38%
1992/93 Olympique Marseille
38%
1986/87 Porto
37%
1984/85 Juventus
36%
1983/84 Liverpool
36%
1987/88 PSV
33%
1985/86 Steaua Bucaresti
26%
Nenhum quiz correspondente encontrado
Distribuição das Pontuações
Porcentagem de Pessoas com Cada Pontuação
Percentil de Números Respondidos
Sua Pontuação Histórica
Você não jogou esse quiz